• 首页
  • 本馆介绍
  • 公告通知
  • 最新文献
  • 馆藏检索
  • 电子资源
  • 读者导购
  • 参考咨询
  • 我的图书馆
  • 登录
  • 详细信息显示
  • 放入我的书架
  • 预约/预借图书
  • 作者相关作品
  • 分类相关作品
  • 丛书相关作品
  • 出版社相关作品

书目信息

  • 表格格式
  • 工作单格式
  • 卡片格式
题名:
古代字体论稿
    
 
作者: 启功 著
分册:  
出版信息: 北京   文物出版社  1964
页数: 48页
开本: 20cm
丛书名:
单 册:
中图分类: H123
科图分类:
主题词: 汉字-字体--研究 , 字体-汉字--研究
电子资源:
ISBN:
000 00577nam0 2200229 45
001 0179001600
005 20070801162740.06
010    @dCNY0.50
091    @aCN@b7068.223
100    @a19951109e19791964kemy0chiy0121 ea
101 0  @achi
102    @aCN@b110000
105    @ay z 000yy
200 10 @a古代字体论稿@Agu dai zi ti lun gao@f启功著
210    @a北京@c文物出版社@d1964
215    @a48页@d20cm
606    @a汉字-字体@x研究
606    @a字体-汉字@x研究
690    @aH123@v3
701  0 @a启功@Aqi gong@4著
801  0 @aCN@bTSSF@c20070801
905    @a10447@dH123@e149
    
    古代字体论稿/启功著.-北京:文物出版社,1964
    48页;20cm
    
    
    ISBN :CNY0.50
    
●
相关链接 在E读中查询图书 在五车中查询图书 在当当中查询图书 在豆瓣中查询图书


正题名:古代字体论稿     索取号:H123/149         预约/预借

序号 登录号 条形码 馆藏地/架位号 状态 备注
1 0787184   207871846   第二样本阅览室/ [索取号:H123/149] 在馆    
唐山师范学院图书馆 欢迎您!
大连网信软件有限公司© 版权所有